Sexo para descubrir a las chicas / (Registro nro. 33099)

Detalles MARC
000 -CABECERA
Longitud fija campo de control 00762nam a2200241 a 4500
003 - • IDENTIFICADOR DELl NÚMERO DE CONTROL
Identificador del número de control CO-ViMGA
008 - • CÓDIGOS DE INFORMACIÓN DE LONGITUD FIJA
Códigos de información de longitud fija 141112s2004 ck r 000 u spa d
020 ## - • NÚMERO INTERNACIONAL NORMALIZADO PARA LIBROS
Número Internacional Normalizado para Libros (ISBN) 9789583033698
040 ## - FUENTE DE LA CATALOGACIÓN
Centro catalogador de origen CO-ViMGA
Lengua de catalogación spa
Centro transcriptor CO-ViMGA
082 04 - • NÚMERO DE LA CLASIFICACIÓN DECIMAL DEWEY
Número de clasificación (R) 305.235 N42s2
100 1# - • PUNTO DE ACCESO PRINCIPAL-NOMBRE DE PERSONA
Nombre de persona Nieto Martínez, Carla
245 10 - • TITULO PROPIAMENTE DICHO
Título Sexo para descubrir a las chicas /
Mención de responsabilidad, etc. [textos Carla Nieto Martínez]
300 ## - • DESCRIPCIÓN FÍSICA
Extensión 63 p. : il. ; 29 cm
490 ## - • MENCIÓN DE SERIE
Mención de serie Sexo juvenil
490 ## - • MENCIÓN DE SERIE
Mención de serie Sexo juvenil
650 14 - • PUNTO DE ACCESO ADICIONAL DE MATERIA - TÉRMINO DE MATERIA
Término de materia o nombre geográfico como elemento inicial Mujeres adolescentes - Aspectos fisiológicos - Guías
650 14 - • PUNTO DE ACCESO ADICIONAL DE MATERIA - TÉRMINO DE MATERIA
Término de materia o nombre geográfico como elemento inicial Sexualidad
942 ## - ENTRADA DE ELEMENTOS AGREGADOS (KOHA)
Fuente de clasificaión o esquema Dewey Decimal Classification
Koha [por defecto] tipo de item LIbro
990 ## - EQUIVALENCIA O SECCIÓN-REFERENCIA [LOCAL, CANADA]
Enlace de información para campos 9XX PanAméricana Editorial 2 ejemplares 21 08/04/2011 n a758197
Existencias
Perdido Fuente de clasificación o esquema Estado Físico No para préstamo Forma de adquisición Localización permanente Localización actual Fecha adquisición Serie de enumeración / cronolog&íacute;a Préstamos totales Signatura completa Código de barras Fecha última consulta Fecha último préstamo Número de copia Fecha del precio de reemplazo Tipo de item de Koha Localización en estanterías Note pública
        Sala General Biblioteca Pública Departamental Eduardo Carranza - Villavicencio Biblioteca Pública Departamental Eduardo Carranza - Villavicencio 07/03/2012     612.61 N32s ECA21332 11/26/2024   Ej.1 11/26/2024 LIbro General 16175 | 20928
        Sala General Biblioteca Pública Departamental Eduardo Carranza - Villavicencio Biblioteca Pública Departamental Eduardo Carranza - Villavicencio 07/03/2012     305.235 S29 ECA21418 11/26/2024   Ej.1 11/26/2024 LIbro General 16174 | 20927
        Sala General Biblioteca Pública Departamental Eduardo Carranza - Villavicencio Biblioteca Pública Departamental Eduardo Carranza - Villavicencio 07/03/2012     612.6 S29 ECA21334 11/26/2024   Ej.1 11/26/2024 LIbro General 16176 | 20929
  Dewey Decimal Classification     Sala General Segundo Piso Biblioteca Pública Germán Arciniegas - Villavicencio Biblioteca Pública Germán Arciniegas - Villavicencio 12/04/2015 20/may/2014 1 305.235 N42s2 26720 08/24/2022 08/19/2022 Ej. 1 12/04/2015 LIbro    









Instituto Departamental de Cultura del Meta - Red Departamental de Bibliotecas Públicas del Meta.